000
00200nam a2200109Ia 4500
100
_a
STEELE/FRED
942
_c
BK
245
_a
PHYSICAL SETTINGS
260
_b
#N/A
546
_a
ENGLISH
999
_c
33456
_d
33456